Movies Quiz

Random Movies or Oscar Quiz

Oscar/Razzie Actor Nominees by Movie Quiz Stats

 Plays Quiz not verified by Sporcle

Support Sporcle.
Go Orange.
Score 0/42 Timer 05:00
0 Plays Today
% Correct
Will Smith
87.9%
Michael Douglas
87.1%
Leonardo DiCaprio
86.4%
Forest Whitaker
85.6%
Mickey Rourke
84.8%
Johnny Depp
84.8%
Tom Cruise
84.1%
Kevin Costner
84.1%
Eddie Murphy
83.3%
Roberto Benigni
81.8%
John Travolta
81.8%
Liam Neeson
81.8%
Kevin Kline
81.1%
George C. Scott
81.1%
Eddie Redmayne
80.3%
Sean Penn
78.8%
Robert Redford
78%
Sylvester Stallone
78%
Robin Williams
76.5%
Nicolas Cage
75.8%
Joe Pesci
75%
% Correct
Christopher Walken
74.2%
Mark Wahlberg
73.5%
Bruce Dern
72%
Kenneth Branagh
72%
Laurence Olivier
71.2%
Dan Aykroyd
71.2%
Burt Reynolds
70.5%
Michael Caine
66.7%
Ralph Fiennes
66.7%
Tim Robbins
65.9%
Tom Berenger
65.2%
Woody Harrelson
64.4%
Dennis Hopper
63.6%
Louis Gossett Jr.
62.9%
Jon Voight
60.6%
Anthony Hopkins
59.1%
Robert Duvall
59.1%
Richard Dreyfuss
58.3%
John Lithgow
57.6%
Peter O'Toole
53%
Marlon Brando
47.7%

You're not logged in!

Compare scores with friends on all Sporcle quizzes.
OR
Log In

From the Vault

States That Border Mississippi

by scole9179

What has four eyes but can't see? Mississippi!
Remove Ads.
Support Sporcle.
Get the best of Sporcle when you Go Orange. This ad-free experience offers more features, more stats, and more fun while also helping to support Sporcle. Thank you for becoming a member.

Show Comments

Extras

Top Quizzes Today


Score Distribution

Your Account Isn't Verified!

In order to create a playlist on Sporcle, you need to verify the email address you used during registration. Go to your Sporcle Settings to finish the process.

Report this User

Report this user for behavior that violates our Community Guidelines.

Details: